logo

Bir Sreshtho Munshi Abdur Rouf Library
Jhenaidah Cadet College

রেলওয়েতে মুক্তিযুদ্ধ ও গণহত্যা / (Record no. 11337)

MARC details
000 -LEADER
fixed length control field 00856nam a2200241 a 4500
001 - CONTROL NUMBER
JCCL Control Number 11337
003 - CONTROL NUMBER IDENTIFIER
JCCL marc code BD-JhCC
005 - DATE AND TIME OF LATEST TRANSACTION
control field 20191109134020.0
008 - FIXED-LENGTH DATA ELEMENTS--GENERAL INFORMATION
fixed length control field 190626s 2018bg a|||| ||a| 001 0 ben d
020 ## - INTERNATIONAL STANDARD BOOK NUMBER
International Standard Book Number 9789849124894
035 ## - SYSTEM CONTROL NUMBER
system control number (BD-JhCC)11337
040 ## - CATALOGING SOURCE
Original cataloging agency BD-JhCC
Modifying agency BD-JhCC
041 ## - LANGUAGE CODE
Language code of Book ben
082 ## - DEWEY DECIMAL CLASSIFICATION NUMBER
Author mark and Year RAZ 2018
Classification number 954.9205
100 ## - MAIN ENTRY--PERSONAL NAME
Personal name রাজ্জাক, মানিক মোহাম্মদ
245 ## - TITLE STATEMENT
Title রেলওয়েতে মুক্তিযুদ্ধ ও গণহত্যা /
Statement of responsibility, etc মানিক মোহাম্মদ রাজ্জাক ।
260 ## - PUBLICATION, DISTRIBUTION, ETC. (IMPRINT)
Place of publication, distribution, etc ঢাকা:
Name of publisher, distributor, etc নালন্দা;
Date of publication, distribution, etc ২০১৮.
300 ## - PHYSICAL DESCRIPTION
Pagination ৪৮৬ পৃ. :
Other physical details ill;
Dimensions ২২ সেমি.
650 ## - SUBJECT ADDED ENTRY--TOPICAL TERM
Topical term or geographic name as entry element Liberation War
Chronological subdivision 1971
Geographic subdivision Bangladesh
650 ## - SUBJECT ADDED ENTRY--TOPICAL TERM
Topical term or geographic name as entry element Bangladesh Railway
942 ## - ADDED ENTRY ELEMENTS (KOHA)
Source of classification or shelving scheme Dewey Decimal Classification
Koha item type Books
Koha issues (borrowed), all copies 1
Holdings
Source of classification or shelving scheme Damaged status Not for loan Home library Current library Shelving location Date of accession Cost, normal purchase price Total Checkouts Full call number Barcode Date last seen Date checked out Copy number Koha item type
Dewey Decimal Classification     JCC Rouf Library JCC Rouf Library General Stacks 06/26/2019 680.00 1 954.9205 RAZ 2018 15427 12/11/2019 11/09/2019 C-1 Books

JCC Library | Contacts | JCC Home

Last Update on 23 September 2017
Copyright @ 2017-2020 JCC Rouf Library
Rouf Library, Jhenidah Cadet College (JCC), Bangladesh